|
|
|
|
| LEADER |
00000cam a2200000 7i4500 |
| 001 |
0000015164 |
| 005 |
20080318.0 |
| 008 |
080318 |
| 020 |
|
|
|a 983369800x
|
| 090 |
0 |
0 |
|a 338.951
|b ABD
|
| 100 |
0 |
|
|a Abdulai, David N
|
| 245 |
1 |
0 |
|a China's new great leap forward :
|b an emerging China and its impact on Asean
|c David N. Abdulai
|
| 260 |
|
|
|a Selangor :
|b MPH Group Publishing ,
|c 2007
|
| 650 |
|
0 |
|a China
|x economic conditions
|
| 650 |
|
0 |
|a China
|x economic policy
|
| 650 |
|
0 |
|a China
|x history
|
| 999 |
|
|
|a 0001012060
|b Book
|c Adult Collection
|e Perbadanan Perpustakaan Awam Johor
|
| 999 |
|
|
|a 0001023817
|b Book
|c Adult Collection
|e Perbadanan Perpustakaan Awam Johor
|
| 999 |
|
|
|a 0001060672
|b Book
|c Adult Collection
|e Perbadanan Perpustakaan Awam Johor
|